<?xml version="1.0" encoding="UTF-8"?>
<record
    xmlns:xsi="http://www.w3.org/2001/XMLSchema-instance"
    xsi:schemaLocation="http://www.loc.gov/MARC21/slim http://www.loc.gov/standards/marcxml/schema/MARC21slim.xsd"
    xmlns="http://www.loc.gov/MARC21/slim">

  <leader>00662nam a2200205   4500</leader>
  <controlfield tag="001">143807</controlfield>
  <controlfield tag="003">ES-MaACL</controlfield>
  <controlfield tag="007">t|</controlfield>
  <controlfield tag="008">070214s1952    xxu     r    ||||1| eng d</controlfield>
  <datafield tag="100" ind1="1" ind2=" ">
    <subfield code="a">Shepard, Judy.</subfield>
    <subfield code="9">106082</subfield>
  </datafield>
  <datafield tag="245" ind1="1" ind2="0">
    <subfield code="a">Ticket To Israel </subfield>
    <subfield code="b">: an informative guide / </subfield>
    <subfield code="c">Judy Shepard, Alvin Rosenfeld.</subfield>
  </datafield>
  <datafield tag="260" ind1=" " ind2=" ">
    <subfield code="a">New York : </subfield>
    <subfield code="b">Rinehart, </subfield>
    <subfield code="c">1952.</subfield>
  </datafield>
  <datafield tag="300" ind1=" " ind2=" ">
    <subfield code="a">IX, 305 p. : </subfield>
    <subfield code="b">il. ; </subfield>
    <subfield code="c">21 cm + </subfield>
    <subfield code="e">1 map.</subfield>
  </datafield>
  <datafield tag="651" ind1=" " ind2="4">
    <subfield code="9">8856</subfield>
    <subfield code="a">Israel</subfield>
    <subfield code="x">Descripci&#xF3;n</subfield>
  </datafield>
  <datafield tag="651" ind1=" " ind2="4">
    <subfield code="9">8857</subfield>
    <subfield code="a">Israel</subfield>
    <subfield code="x">Gu&#xED;as tur&#xED;sticas</subfield>
  </datafield>
  <datafield tag="700" ind1="1" ind2=" ">
    <subfield code="a">Rosenfeld, Alvin.</subfield>
    <subfield code="9">99742</subfield>
  </datafield>
  <datafield tag="852" ind1=" " ind2=" ">
    <subfield code="a">ES-MaACL</subfield>
    <subfield code="j">L-6974 </subfield>
    <subfield code="b">R.107682</subfield>
    <subfield code="9">149003</subfield>
    <subfield code="c">DEPO2</subfield>
  </datafield>
  <datafield tag="942" ind1=" " ind2=" ">
    <subfield code="2">udc</subfield>
    <subfield code="c">MONOGRAFIA</subfield>
  </datafield>
  <datafield tag="999" ind1=" " ind2=" ">
    <subfield code="c">143807</subfield>
    <subfield code="d">143807</subfield>
  </datafield>
  <datafield tag="952" ind1=" " ind2=" ">
    <subfield code="0">0</subfield>
    <subfield code="1">0</subfield>
    <subfield code="2">udc</subfield>
    <subfield code="4">0</subfield>
    <subfield code="7">0</subfield>
    <subfield code="a">ATENEOM</subfield>
    <subfield code="b">ATENEOM</subfield>
    <subfield code="c">DEPO2</subfield>
    <subfield code="d">2008-01-17</subfield>
    <subfield code="l">0</subfield>
    <subfield code="o">L-6974</subfield>
    <subfield code="p">1149621</subfield>
    <subfield code="r">2023-02-23 00:00:00</subfield>
    <subfield code="w">2023-02-23</subfield>
    <subfield code="y">MONOGRAFIA</subfield>
  </datafield>
</record>
